Statistics for Countries Ending With S

Click here to take the quiz!

General Stats

  • This quiz has been taken 980 times
  • The average score is 12 of 18

Answer Stats

country% Correct
Seychelles
78%
Marshall Islands
77%
Solomon Islands
77%
Comoros
76%
Bahamas
72%
St Kitts and Nevis
72%
Barbados
70%
Maldives
70%
Philippines
69%
St Vincent and
the Grenadines
67%
Netherlands
66%
Mauritius
65%
Laos
63%
Honduras
61%
United States
61%
United Arab Emirates
57%
Belarus
55%
Cyprus
53%

Score Distribution

Percentile by Number Answered

Percent of People with Each Score

Your Score History

You have not taken this quiz